2017 Melbourne Darts Masters Participants - Statistics

General Stats
  • This quiz has been taken 11 times
  • The average score is 9 of 16
Answer Stats
Country Player % Correct
England Phil Taylor
100%
Northern Ireland Daryl Gurney
89%
Scotland Gary Anderson
89%
Australia Kyle Anderson
89%
Scotland Peter Wright
89%
Australia Simon Whitlock
89%
England James Wade
78%
Netherlands Raymond Van Barneveld
78%
Engand Michael Smith
67%
Australia Cory Cadby
33%
New Zealand Cody Harris
22%
Australia Rhys Mathewson
22%
Australia Dave Marland
11%
Australia David Platt
11%
New Zealand Koha Kokiri
11%
Australia Justin Thompson
0%
No matching quizzes found
Score Distribution
Percent of People with Each Score
Percentile by Number Answered
Your Score History
You have not taken this quiz